01687nam a22004217a 450000500170000000700030001700800410002001000310006102200290009202500140012103000110013503500240014603701000017004000700027004200130034004300120035305000140036508200150037921000270039422200410042124500420046224600730050426000400057730000250061731000320064232100250067432100290069936200190072850000580074750000530080550000560085850001170091465000450103165000450107671000270112178000620114827000550121020200108170812.0t|831018c19449999ii qr p 0 a0eng d aagr37000064 zsn 86012219  a0046-905Xy0258-0500220 aI-D-E-672 aJIRCAA a(OCoLC)ocm09444073  bShri G. Sharan, Secretary, Indian Roda Congress, Jamnagar House, Shahjahan Rd., New Delhi-11001 aICRLcICRLdAIPdNSTdOCoLCdIENdCU-ITdIUdDLCdOCoLCdDLCdWaU ansdpalc aa-ii--- aTE5b.I45 a625.706354 aJ. Indian Roads Congr. aJournal of the Indian Roads Congress aJournal of the Indian Roads Congress. iIssues for 1975-June 2002 have title:aIndian Roads Congress journal aNew Delhi :b Indian Roads Congress av. :bill. ;c28 cm. aQuarterly,bApr./June 2006- aAnnual,b1997-<2005> aSemiannual,b19<68>-1996 aBegan in 1944? aPublished: New Delhi : Indian Roads Congress, <1984-> aDescription based on: Vol. 31, no. 1 (May 1968). aLatest issue consulted: Vol. 68-3 (Oct./Dec. 2007). aPublished in 4 parts; pts. 1-3 in two sections: Discussion & information and pt. 4 for proceedings and speeches. aHighway engineeringzIndiavPeriodicals. aTraffic engineeringzIndiavPeriodicals. aIndian Roads Congress. tProceedings of the Indian Roads Congressw(OCoLC)49488596 aJam Nagar House, Shahjahan RoadbNew Delhie110011